Pays avec la superficie la plus proche du pays sur la carte- Aléatoire - Statistiques

Statistiques générales
  • Ce quiz a été pris 72 fois
  • Le résultat moyen est 5 sur 20
Réponses sur la Carte
Les réponses sont colorées sur une échelle allant du rouge au vert en fonction du pourcentage des utilisateurs qui les ont devinées à leur premier essai. Vous pouvez retrouver ces pourcentages ci-dessous.
 
Statistiques - réponses
Pays % Correct
Australie
100%
Bangladesh
100%
Brésil
100%
Chine
100%
Colombie
100%
Comores
100%
Danemark
100%
États-Unis
100%
Inde
100%
Lettonie
100%
Libye
100%
République Démocratique du Congo
100%
Russie
100%
Pérou
83%
Algérie
80%
Argentine
75%
Canada
75%
Iran
75%
Éthiopie
67%
Finlande
67%
Grèce
67%
Hongrie
67%
Mauritanie
67%
Nouvelle-Zélande
67%
Papouasie-Nouvelle- Guinée
67%
Pologne
67%
Timor Oriental
67%
France
63%
Biélorussie
60%
Cambodge
60%
Indonésie
60%
Italie
60%
Kenya
60%
Mongolie
60%
Niger
60%
Norvège
57%
Autriche
50%
Bhoutan
50%
Bolivie
50%
Costa Rica
50%
Équateur
50%
Espagne
50%
Géorgie
50%
Guyana
50%
Islande
50%
Japon
50%
Kosovo
50%
Mali
50%
Mozambique
50%
Nigeria
50%
République Centrafricaine
50%
Roumanie
50%
Soudan
50%
Soudan du Sud
50%
Suède
50%
Tchad
50%
Turquie
50%
Ukraine
50%
Viêt Nam
50%
Namibie
43%
République du Congo
43%
Allemagne
40%
Sénégal
40%
Afrique du Sud
33%
Belgique
33%
Burkina Faso
33%
Cameroun
33%
Chili
33%
Corée du Sud
33%
Côte d'Ivoire
33%
Érythrée
33%
Irak
33%
Laos
33%
Maroc
33%
Mexique
33%
Nauru
33%
Ouzbékistan
33%
Portugal
33%
Suisse
33%
Syrie
33%
Tanzanie
33%
Yémen
33%
Angola
25%
Belize
25%
Birmanie
25%
Corée du Nord
25%
Émirats Arabes Unis
25%
Gabon
25%
Guinée
25%
Jordanie
25%
Lituanie
25%
Malte
25%
Nicaragua
25%
Palaos
25%
République Dominicaine
25%
République Tchèque
25%
Saint-Christophe- et-Niévès
25%
Turkménistan
25%
Liban
22%
Sierra Leone
22%
Somalie
22%
Lesotho
20%
Venezuela
20%
Arabie Saoudite
17%
Arménie
17%
Bénin
17%
Fidji
17%
Panama
17%
Slovénie
17%
Taïwan
17%
Afghanistan
0%
Albanie
0%
Andorre
0%
Antigua-et-Barbuda
0%
Azerbaïdjan
0%
Bahamas
0%
Bahreïn
0%
Barbade
0%
Bosnie-Herzégovine
0%
Botswana
0%
Brunei
0%
Bulgarie
0%
Burundi
0%
Cap-Vert
0%
Chypre
0%
Croatie
0%
Cuba
0%
Djibouti
0%
Dominique
0%
Égypte
0%
Estonie
0%
Eswatini
0%
États Fédérés de Micronésie
0%
Gambie
0%
Ghana
0%
Grenade
0%
Guatemala
0%
Guinée-Bissau
0%
Guinée Équatoriale
0%
Haïti
0%
Honduras
0%
Îles Marshall
0%
Îles Salomon
0%
Irlande
0%
Israël
0%
Jamaïque
0%
Kazakhstan
0%
Kirghizistan
0%
Kiribati
0%
Liberia
0%
Liechtenstein
0%
Luxembourg
0%
Macédoine du Nord
0%
Madagascar
0%
Malaisie
0%
Malawi
0%
Maldives
0%
Maurice
0%
Moldavie
0%
Monaco
0%
Monténégro
0%
Népal
0%
Oman
0%
Ouganda
0%
Pakistan
0%
Paraguay
0%
Pays-Bas
0%
Philippines
0%
Qatar
0%
Royaume-Uni
0%
Rwanda
0%
Sainte-Lucie
0%
Saint-Marin
0%
Saint-Vincent-et-les- Grenadines
0%
Salvador
0%
Samoa
0%
Sao Tomé-et-Principe
0%
Serbie
0%
Seychelles
0%
Singapour
0%
Slovaquie
0%
Sri Lanka
0%
Suriname
0%
Tadjikistan
0%
Thaïlande
0%
Togo
0%
Tonga
0%
Trinité-et-Tobago
0%
Tunisie
0%
Tuvalu
0%
Uruguay
0%
Vanuatu
0%
Vatican
0%
Zambie
0%
Zimbabwe
0%
Aucun quiz correspondant
Distribution des résultats
% des personnes avec chaque résultat
Percentile par nombre de réponses
Votre historique - résultats
Vous n’avez pas pris ce quiz